000 00322nam a22001337a 4500
008 180907b xxu||||| |||| 00| 0 eng d
020 _a9780787982171
041 _aeng
080 _a370
100 _a48
101 _aEDU
245 _ahe Handbook Of Leadership Development Evaluation
_cHennun,K,M
942 _2udc
_cBK
999 _c47600
_d47600